[Event "Guernsey op 38th"]
[Site "Guernsey"]
[Date "2012.10.24"]
[Round "4"]
[White "Brookfield, Toby"]
[Black "Westerkamp, Bert"]
[Result "1-0"]
[WhiteElo "1824"]
[BlackElo "2059"]
[PlyCount "73"]
[EventDate "2012.10.21"]
[EventType "swiss"]
[EventRounds "7"]
[EventCountry "GCI"]
[SourceTitle "EXT 2013"]
[Source "ChessBase"]
[SourceDate "2012.11.22"]
[SourceVersion "1"]
[SourceVersionDate "2012.11.22"]
[SourceQuality "1"]

1. e4 d5 2. exd5 Qxd5 3. Nc3 Qd8 4. d4 Nf6 5. Nf3 Bg4 6. Be2 e6 7. h3 Bxf3 8. Bxf3 c6 9. 0-0 Nbd7 10. Bf4 Be7 11. Qd2 0-0 12. Rad1 Nd5 13. Bh2 Bb4 14. a3 Nxc3 15. Ra1 Ba5 16. bxc3 Nf6 17. Rab1 Qd7 18. Qd3 Bc7 19. Be5 Rab8 20. Rfe1 Rfd8 21. Bxc7 Qxc7 22. c4 Qf4 23. c3 Qd6 24. Qe3 Qxa3 25. Ra1 Qb3 26. Be2 Qb6 27. Reb1 Qc7 28. Rxa7 Nd7 29. Bd3 Nb6 30. d5 Nc8 31. Ra4 exd5 32. cxd5 cxd5 33. Rh4 h6 34. Rbb4 Nd6 35. Rbg4 f5 36. Qe6+ Qf7 37. Rxg7+ 1-0

[Event "Guernsey op 37th"]
[Site "Guernsey"]
[Date "2011.10.21"]
[Round "6"]
[White "Goris, Ton"]
[Black "Westerkamp, Bert"]
[Result "1-0"]
[WhiteElo "1993"]
[BlackElo "2063"]
[PlyCount "119"]
[EventDate "2011.10.16"]
[EventType "swiss"]
[EventRounds "7"]
[EventCountry "GCI"]
[SourceTitle "EXT 2012"]
[Source "ChessBase"]
[SourceDate "2011.11.24"]
[SourceVersion "1"]
[SourceVersionDate "2011.11.24"]
[SourceQuality "1"]

1. e4 e5 2. Nf3 Nc6 3. d4 exd4 4. Nxd4 Nf6 5. Nxc6 bxc6 6. e5 Qe7 7. Qe2 Nd5 8. b3 g6 9. c4 Nb6 10. Bb2 Bg7 11. Nd2 0-0 12. f4 d5 13. 0-0-0 a5 14. Qe3 Bg4 15. Re1 Rfd8 16. Bd4 Nd7 17. c5 Rdb8 18. h3 Be6 19. Kb2 a4 20. Bd3 Ra5 21. g4 Bh6 22. Rc1 axb3 23. Nxb3 Ra7 24. Ra1 Rba8 25. Rh2 Ra4 26. Kc1 Qh4 27. Rf2 Rb4 28. Kd1 Rxb3 29. axb3 Rxa1+ 30. Bxa1 Qd8 31. g5 Bf8 32. b4 Qa8 33. Qd4 Bg7 34. h4 Bg4+ 35. Ke1 Nf8 36. Qb2 Qa4 37. Bc2 Qb5 38. Qc3 Ne6 39. Bd3 Qa4 40. Bc2 Qb5 41. Qd2 Qa6 42. Bc3 Qc4 43. Bd3 Qb3 44. Qc2 Qa3 45. Qb2 Qa4 46. Be2 Bf5 47. Bd1 Qa6 48. Be2 Qa4 49. Kf1 Be4 50. Kg1 Bf5 51. Kh2 Bf8 52. Rf1 Qa8 53. Kg3 Qc8 54. Ra1 Be4 55. Bg4 Qd7 56. Ra8 Kg7 57. Rb8 Be7 58. Qa1 Bf5 59. Qa8 Bf8 60. Rxf8 1-0

[Event "Guernsey op 37th"]
[Site "Guernsey"]
[Date "2011.10.17"]
[Round "2"]
[White "Goris Schouwstra, Adry"]
[Black "Westerkamp, Bert"]
[Result "0-1"]
[WhiteElo "1862"]
[BlackElo "2063"]
[PlyCount "152"]
[EventDate "2011.10.16"]
[EventType "swiss"]
[EventRounds "7"]
[EventCountry "GCI"]
[SourceTitle "EXT 2012"]
[Source "ChessBase"]
[SourceDate "2011.11.24"]
[SourceVersion "1"]
[SourceVersionDate "2011.11.24"]
[SourceQuality "1"]

1. d4 Nf6 2. c4 e5 3. d5 Bc5 4. e3 0-0 5. Nc3 d6 6. Nf3 Bg4 7. Be2 Nbd7 8. 0-0 e4 9. Nd4 Bxe2 10. Qxe2 Re8 11. Nb3 Bb6 12. Na4 Ne5 13. Nxb6 axb6 14. h3 Nfd7 15. Nd4 Nc5 16. Bd2 Ncd3 17. b3 Qh4 18. f4 exf3 19. Nxf3 Nxf3+ 20. Qxf3 Ne5 21. Qf4 Qe7 22. Qd4 Ng6 23. a4 Qe4 24. Qxe4 Rxe4 25. Rf3 f6 26. Bc3 Nh4 27. Rg3 Nf5 28. Rf3 Nxe3 29. Re1 Rae8 30. Re2 R4e7 31. Rd2 f5 32. a5 bxa5 33. Bxa5 g5 34. Bc3 g4 35. hxg4 fxg4 36. Rf4 Re4 37. Rd4 Rxd4 38. Bxd4 h5 39. g3 Nc2 40. Bf2 Ne1 41. Rf5 Nf3+ 42. Kf1 Re5 43. Rxe5 Nxe5 44. Ke2 Kf7 45. Ke3 Kf6 46. Ke4 Nf3 47. Be3 Ng5+ 48. Kf4 Nf3 49. Ke4 h4 50. gxh4 Nxh4 51. b4 Nf5 52. Bd2 g3 53. Kf3 g2 54. Bc3+ Kg6 55. Kxg2 Ne3+ 56. Kf3 Nxc4 57. Ke4 b5 58. Kf4 Nb6 59. Ke4 Nd7 60. Bd4 Nf6+ 61. Bxf6 Kxf6 62. Kf4 Ke7 63. Ke4 Kd7 64. Kd4 c6 65. dxc6+ Kxc6 66. Ke4 d5+ 67. Kd3 Kd7 68. Ke3 Ke6 69. Kf4 Kf6 70. Kf3 Ke5 71. Ke3 d4+ 72. Kd2 Ke4 73. Ke2 d3+ 74. Kd1 Kd4 75. Kd2 Kc4 76. Kd1 Kxb4 0-1

[Event "Guernsey op"]
[Site "Grand Havre Bay"]
[Date "2010.10.22"]
[Round "6"]
[White "Dennis, Nigel W"]
[Black "Westerkamp, Bert"]
[Result "0-1"]
[WhiteElo "1950"]
[BlackElo "2063"]
[PlyCount "130"]
[EventDate "2010.10.17"]
[EventType "swiss"]
[EventRounds "7"]
[EventCountry "GCI"]
[SourceTitle "EXT 2011"]
[Source "ChessBase"]
[SourceDate "2010.11.26"]
[SourceVersion "1"]
[SourceVersionDate "2010.11.26"]
[SourceQuality "1"]

1. e4 e5 2. Nf3 Nc6 3. Bb5 a6 4. Ba4 Nf6 5. 0-0 Be7 6. Re1 b5 7. Bb3 d6 8. c3 0-0 9. h3 Nb8 10. d4 Nbd7 11. Nbd2 Bb7 12. Bc2 Re8 13. Nf1 Bf8 14. Ng3 g6 15. Bg5 c5 16. Qd2 cxd4 17. cxd4 Rc8 18. Rac1 Qe7 19. Bb1 Bg7 20. Rxc8 Rxc8 21. Rc1 Qf8 22. d5 Rxc1+ 23. Qxc1 Qc8 24. Qxc8+ Bxc8 25. Nd2 Nc5 26. f3 Na4 27. b3 Nc3 28. Kf2 h6 29. Be3 Nd7 30. Ba7 Bf6 31. Ne2 Bh4+ 32. Ke3 Bg5+ 33. Kd3 Bxd2 34. Nxc3 Be1 35. b4 Kg7 36. Bc2 f5 37. a3 Bxc3 38. Kxc3 Kf6 39. exf5 gxf5 40. g4 e4 41. fxe4 fxg4 42. hxg4 Ne5 43. Bd1 Bxg4 44. Bxg4 Nxg4 45. Bd4+ Ke7 46. Kd2 h5 47. Ke2 h4 48. Kf3 h3 49. Kg3 h2 50. Kg2 Nf6 51. Kxh2 Nxe4 52. Kg2 Nf6 53. Kf3 Nxd5 54. Ke4 Ke6 55. Bb2 Nb6 56. Kd4 Nc4 57. Bc1 d5 58. Kc3 Ke5 59. Kd3 d4 60. a4 Kd5 61. axb5 axb5 62. Bh6 Ne5+ 63. Kc2 Kc4 64. Bg7 Nc6 65. Kd2 Nxb4 0-1

[Event "Guernsey op"]
[Site "Grand Havre Bay"]
[Date "2010.10.20"]
[Round "4"]
[White "Mack, Wolfgang"]
[Black "Westerkamp, Bert"]
[Result "1-0"]
[WhiteElo "2256"]
[BlackElo "2063"]
[PlyCount "101"]
[EventDate "2010.10.17"]
[EventType "swiss"]
[EventRounds "7"]
[EventCountry "GCI"]
[SourceTitle "EXT 2011"]
[Source "ChessBase"]
[SourceDate "2010.11.26"]
[SourceVersion "1"]
[SourceVersionDate "2010.11.26"]
[SourceQuality "1"]

1. e4 d5 2. exd5 Qxd5 3. Nc3 Qd6 4. Bc4 Nf6 5. d3 c6 6. Qe2 Nbd7 7. a3 Nb6 8. Bb3 g6 9. Nf3 Bg7 10. 0-0 Bg4 11. h3 Bxf3 12. Qxf3 0-0 13. Bf4 Qd7 14. Be5 Nbd5 15. Rfe1 e6 16. Na4 Nh5 17. d4 Bxe5 18. dxe5 Qe7 19. c4 Nb6 20. Nc3 f5 21. exf6 Rxf6 22. Qe3 Nf4 23. Ne4 Rf7 24. g3 Nh5 25. Re2 Ng7 26. Rd1 Nf5 27. Qc5 Re8 28. Qxe7 Rexe7 29. Ng5 Rf6 30. g4 Ng7 31. c5 Nd7 32. Bxe6+ Nxe6 33. Rxe6 Rfxe6 34. Nxe6 Nf6 35. Rd8+ Kf7 36. Ng5+ Kg7 37. b4 h6 38. Nf3 Nd5 39. h4 Nc3 40. g5 h5 41. Kg2 Ne4 42. Rd3 a5 43. Nd4 axb4 44. axb4 b6 45. Nxc6 Rc7 46. cxb6 Rb7 47. Re3 Rxb6 48. Rxe4 Rxc6 49. b5 Rc7 50. b6 Rb7 51. Re6 1-0

[Event "Guernsey op"]
[Site "Grand Havre Bay"]
[Date "2010.10.19"]
[Round "3"]
[White "Westerkamp, Bert"]
[Black "Downey, Keith"]
[Result "1-0"]
[WhiteElo "2063"]
[BlackElo "1997"]
[PlyCount "63"]
[EventDate "2010.10.17"]
[EventType "swiss"]
[EventRounds "7"]
[EventCountry "GCI"]
[SourceTitle "EXT 2011"]
[Source "ChessBase"]
[SourceDate "2010.11.26"]
[SourceVersion "1"]
[SourceVersionDate "2010.11.26"]
[SourceQuality "1"]

1. c4 Nf6 2. Nf3 b6 3. g3 Bb7 4. Bg2 c5 5. Nc3 e6 6. 0-0 d6 7. d4 cxd4 8. Qxd4 a6 9. Bg5 Be7 10. Rfd1 Nbd7 11. Rac1 Ra7 12. b3 Qb8 13. Bxf6 gxf6 14. Ne4 Bxe4 15. Qxe4 0-0 16. Nh4 Ne5 17. Qd4 Ng6 18. a4 Rd8 19. Rd3 f5 20. Nxg6 hxg6 21. e4 fxe4 22. Bxe4 Bf8 23. Rcd1 Bg7 24. Qe3 Bf8 25. h4 Bg7 26. Bxg6 fxg6 27. Qxe6+ Kh7 28. Rxd6 Re8 29. Qxg6+ Kg8 30. h5 Rae7 31. h6 Re1+ 32. Kh2 1-0

[Event "Guernsey op 34th"]
[Site "Guernsey"]
[Date "2008.10.23"]
[Round "5"]
[White "Westerkamp, Bert"]
[Black "Broek, Thomas"]
[Result "0-1"]
[WhiteElo "2070"]
[BlackElo "2229"]
[PlyCount "56"]
[EventDate "2008.10.19"]
[EventType "swiss"]
[EventRounds "7"]
[EventCountry "GCI"]
[SourceTitle "EXT 2009"]
[Source "ChessBase"]
[SourceDate "2008.11.26"]
[SourceVersion "1"]
[SourceVersionDate "2008.11.26"]
[SourceQuality "1"]

1. Nf3 c5 2. c4 g6 3. Nc3 Bg7 4. d4 cxd4 5. Nxd4 Nc6 6. e3 Nf6 7. Be2 0-0 8. 0-0 d6 9. Re1 Bd7 10. Bf3 Ne5 11. Bxb7 Rb8 12. Bd5 e6 13. f4 exd5 14. fxe5 dxe5 15. Nf3 e4 16. Ne5 dxc4 17. Nxc4 Qc7 18. Nd2 Ng4 19. Nf1 Be5 20. Nxe4 Bxh2+ 21. Kh1 Rb4 22. Nfd2 f5 23. a3 fxe4 24. Nxe4 Bg1 25. Qd6 Nf2+ 26. Kxg1 Qxd6 27. Nxd6 Rh4 28. g3 Rh1+ 0-1

[Event "Guernsey op 33rd"]
[Site "Guernsey"]
[Date "2007.10.27"]
[Round "7"]
[White "Westerkamp, Bert"]
[Black "Salimbeni, George PW"]
[Result "1/2-1/2"]
[WhiteElo "2093"]
[BlackElo "2060"]
[PlyCount "90"]
[EventDate "2007.10.21"]
[EventType "swiss"]
[EventRounds "7"]
[EventCountry "GCI"]
[SourceTitle "EXT 2009"]
[Source "ChessBase"]
[SourceDate "2008.11.26"]
[SourceVersion "1"]
[SourceVersionDate "2008.11.26"]
[SourceQuality "1"]

1. d4 Nf6 2. Nf3 g6 3. Bg5 Bg7 4. e3 0-0 5. Nbd2 d5 6. c4 Ne4 7. Bf4 c5 8. cxd5 Nxd2 9. Qxd2 cxd4 10. e4 e6 11. Bc4 Re8 12. 0-0 e5 13. Bg3 Nd7 14. Rac1 Nb6 15. Bb5 Bd7 16. Bh4 f6 17. Bd3 g5 18. Bg3 Bg4 19. Ne1 Qd7 20. f3 Bh5 21. Qb4 Bf8 22. Qb3 Red8 23. Bb5 Qg7 24. Nd3 Rac8 25. a4 Bd6 26. a5 Nd7 27. Bxd7 Qxd7 28. Rf2 Rxc1+ 29. Nxc1 Be8 30. Rc2 Qa4 31. Rc4 Qxb3 32. Nxb3 Bb5 33. Rc1 Bb4 34. Be1 Bxe1 35. Rxe1 Rc8 36. Rc1 Rxc1+ 37. Nxc1 Kf7 38. Kf2 Ke7 39. b4 Kd6 40. Nb3 b6 41. g3 Ba4 42. Nd2 Bb5 43. Nb3 Ba4 44. Nd2 Bb5 45. Nb3 Ba4 1/2-1/2

[Event "Guernsey op 33rd"]
[Site "Guernsey"]
[Date "2007.10.23"]
[Round "3"]
[White "Westerkamp, Bert"]
[Black "Gravett, Alan David"]
[Result "1/2-1/2"]
[WhiteElo "2093"]
[BlackElo "1961"]
[PlyCount "66"]
[EventDate "2007.10.21"]
[EventType "swiss"]
[EventRounds "7"]
[EventCountry "GCI"]
[SourceTitle "EXT 2009"]
[Source "ChessBase"]
[SourceDate "2008.11.26"]
[SourceVersion "1"]
[SourceVersionDate "2008.11.26"]
[SourceQuality "1"]

1. Nf3 g6 2. g3 Bg7 3. Bg2 e5 4. d3 d5 5. Nbd2 Ne7 6. e4 dxe4 7. dxe4 0-0 8. c3 Nd7 9. 0-0 b6 10. Re1 Nc5 11. Nc4 Nd3 12. Re3 Nxc1 13. Rxc1 Qe8 14. Rd3 Ba6 15. Qb3 Qb5 16. Qxb5 Bxb5 17. b3 Nc6 18. Rd7 Nd4 19. cxd4 Bxd7 20. Ncxe5 Bb5 21. a4 Ba6 22. Bh3 Bc8 23. Bf1 Bb7 24. Bc4 Bxe5 25. dxe5 h6 26. e6 fxe6 27. Bxe6+ Kg7 28. Rxc7+ Kf6 29. Rxb7 Kxe6 30. Kg2 Rac8 31. Rxa7 Rc3 32. Nh4 Rc2 33. Nf3 Rc3 1/2-1/2

[Event "Guernsey op 33rd"]
[Site "Guernsey"]
[Date "2007.10.21"]
[Round "1"]
[White "Westerkamp, Bert"]
[Black "Twitchell, David J"]
[Result "0-1"]
[WhiteElo "2093"]
[BlackElo "1982"]
[PlyCount "86"]
[EventDate "2007.10.21"]
[EventType "swiss"]
[EventRounds "7"]
[EventCountry "GCI"]
[SourceTitle "EXT 2009"]
[Source "ChessBase"]
[SourceDate "2008.11.26"]
[SourceVersion "1"]
[SourceVersionDate "2008.11.26"]
[SourceQuality "1"]

1. Nf3 Nf6 2. c4 c5 3. Nc3 Nc6 4. d4 cxd4 5. Nxd4 g6 6. g3 Bg7 7. Bg2 0-0 8. 0-0 Nxd4 9. Qxd4 d6 10. Rd1 Ng4 11. Qd2 Qb6 12. e3 Nf6 13. b3 Bg4 14. Re1 Rfd8 15. Bb2 Rac8 16. Nd5 Nxd5 17. Bxg7 Kxg7 18. Qxd5 Rc7 19. Rac1 Be6 20. Qd2 a6 21. Red1 Qa7 22. c5 d5 23. Qc3+ Kg8 24. e4 Rcd7 25. Qa5 dxe4 26. Qxd8+ Rxd8 27. Rxd8+ Kg7 28. Bxe4 a5 29. Bg2 Qa6 30. Rd2 Qb5 31. h4 h5 32. c6 bxc6 33. Bxc6 Qb4 34. Rcd1 Bg4 35. f3 Qc5+ 36. Kh2 Qxc6 37. fxg4 hxg4 38. Rd5 e5 39. R1d2 e4 40. R5d4 e3 41. Rg2 Qf3 42. Rc4 e2 43. Rc1 Qf1 0-1

[Event "Guernsey op 31st "]
[Site "Cobo Bay"]
[Date "2005.10.19"]
[Round "4"]
[White "Dennis, Nigel W"]
[Black "Westerkamp, Bert"]
[Result "1-0"]
[WhiteElo "2050"]
[BlackElo "2085"]
[PlyCount "91"]
[EventDate "2005.10.16"]
[EventType "swiss"]
[EventRounds "7"]
[EventCountry "GCI"]
[SourceTitle "EXT 2006"]
[Source "ChessBase"]
[SourceDate "2005.11.24"]
[SourceVersion "1"]
[SourceVersionDate "2005.11.24"]
[SourceQuality "1"]

1. e4 e5 2. Nf3 Nc6 3. Bb5 a6 4. Ba4 d6 5. 0-0 Bd7 6. c3 Nge7 7. h3 Ng6 8. d4 Be7 9. d5 Nb8 10. Bxd7+ Nxd7 11. c4 c6 12. Nc3 0-0 13. Be3 c5 14. Qd2 h6 15. b3 f5 16. exf5 Rxf5 17. Ne1 Nf4 18. Ne4 Rf7 19. Kh2 Nf6 20. f3 Qd7 21. Nd3 g5 22. Ndf2 Nxe4 23. Nxe4 Raf8 24. Bxf4 gxf4 25. a3 Bh4 26. b4 b6 27. bxc5 bxc5 28. Qa5 Ra8 29. Qb6 Be7 30. Rab1 Bf8 31. Rf2 Kg7 32. Rfb2 Kg8 33. Qa5 Be7 34. Rb7 Qf5 35. Qb6 Qg6 36. Rb2 Kh7 37. Rb8 Rxb8 38. Qxb8 a5 39. Qb6 Rf8 40. Qxa5 Qg8 41. Qc7 Rf7 42. a4 Bf8 43. Qc6 Qg7 44. a5 Ra7 45. a6 Rc7 46. Rb7 1-0

[Event "Groningen op-A"]
[Site "Groningen"]
[Date "2004.12.24"]
[Round "4"]
[White "Sparenberg, Erik"]
[Black "Westerkamp, Bert"]
[Result "1/2-1/2"]
[WhiteElo "2037"]
[BlackElo "2115"]
[PlyCount "105"]
[EventDate "2004.12.21"]
[EventType "swiss"]
[EventRounds "9"]
[EventCountry "NED"]
[SourceTitle "CBM 104 Extra"]
[Source "ChessBase"]
[SourceDate "2005.03.01"]
[SourceVersion "1"]
[SourceVersionDate "2005.03.01"]
[SourceQuality "1"]

1. e4 e5 2. Nf3 Nc6 3. Bb5 a6 4. Ba4 Nf6 5. 0-0 Be7 6. Re1 b5 7. Bb3 d6 8. c3 0-0 9. h3 Nb8 10. d4 Nbd7 11. Nbd2 Bb7 12. Bc2 Re8 13. Nf1 Bf8 14. Ng3 g6 15. b3 Bg7 16. Bb2 c5 17. d5 Nb6 18. Qd2 c4 19. Ne2 Rc8 20. b4 Qe7 21. Qe3 Nfd7 22. Rad1 Ra8 23. Bc1 a5 24. a3 axb4 25. axb4 Ra2 26. Bb1 Ra1 27. Bb2 Ra6 28. g4 h6 29. Ng3 Nf6 30. Kh2 Bc8 31. Qd2 Qd7 32. Nh4 Nh7 33. Rh1 Qe7 34. Nf3 Qf6 35. Kg2 Qf4 36. Qe1 Ng5 37. Ng1 Bd7 38. Bc1 Qf6 39. h4 Nh7 40. f3 Ra1 41. Bb2 Ra6 42. N1e2 Qe7 43. Qd2 Rea8 44. Nf1 Bc8 45. Neg3 Qf6 46. Qe1 Qe7 47. Ne3 Bf6 48. h5 Bg5 49. Qf2 Na4 50. Ba1 Qa7 51. Rde1 Nb6 52. Bb2 Na4 53. Ba1 1/2-1/2

[Event "Hoogeveen Essent op"]
[Site "Hoogeveen"]
[Date "2004.10.23"]
[Round "9"]
[White "Westerkamp, Bert"]
[Black "Vroombout, Enrico"]
[Result "1/2-1/2"]
[WhiteElo "2115"]
[BlackElo "2141"]
[PlyCount "92"]
[EventDate "2004.10.15"]
[EventType "swiss"]
[EventRounds "9"]
[EventCountry "NED"]
[SourceTitle "CBM 102 Extra"]
[Source "ChessBase"]
[SourceDate "2004.11.03"]
[SourceVersion "1"]
[SourceVersionDate "2004.11.03"]
[SourceQuality "1"]

1. d4 Nf6 2. Bg5 Ne4 3. Bf4 d5 4. Nd2 Bf5 5. e3 e6 6. Ngf3 Be7 7. Nxe4 Bxe4 8. Bd3 Bg6 9. 0-0 0-0 10. Ne5 Nd7 11. c3 Nxe5 12. Bxe5 Qd7 13. Qe2 Bxd3 14. Qxd3 Bd6 15. Bxd6 Qxd6 16. e4 dxe4 17. Qxe4 Qd5 18. Qxd5 exd5 19. Rfe1 Rfe8 20. f3 Kf8 21. Kf2 a5 22. Rad1 a4 23. Rd2 Rxe1 24. Kxe1 Ke7 25. Re2+ Kd6 26. Kd2 g5 27. Kd3 b5 28. Re1 Rg8 29. b3 Ra8 30. c4 axb3 31. c5+ Kc6 32. axb3 b4 33. Re2 Ra3 34. Kc2 Ra1 35. Kd2 Rb1 36. Kc2 Rf1 37. Kd2 h6 38. Re1 Rxe1 39. Kxe1 Kd7 40. Kf2 Ke6 41. Kg3 Kf5 42. Kf2 g4 43. Ke3 h5 44. f4 h4 45. g3 h3 46. Kd3 c6 1/2-1/2

[Event "Guernsey op 28th"]
[Site "Les Dicqs"]
[Date "2002.10.21"]
[Round "2"]
[White "Westerkamp, Bert"]
[Black "Burton, Ronnie"]
[Result "1/2-1/2"]
[WhiteElo "2143"]
[BlackElo "2078"]
[PlyCount "34"]
[EventDate "2002.10.20"]
[EventType "swiss"]
[EventRounds "7"]
[EventCountry "GCI"]
[SourceTitle "EXT 2003"]
[Source "ChessBase"]
[SourceDate "2002.11.25"]
[SourceVersion "1"]
[SourceVersionDate "2002.11.25"]
[SourceQuality "1"]

1. d4 e5 2. dxe5 Nc6 3. Nf3 Qe7 4. Nbd2 Nxe5 5. Nxe5 Qxe5 6. Nf3 Qa5+ 7. Bd2 Qb6 8. Bc3 Bb4 9. Qd2 Bxc3 10. Qxc3 Nf6 11. e3 0-0 12. Be2 d5 13. 0-0 Re8 14. Rfe1 Bg4 15. h3 Bxf3 16. Bxf3 Ne4 17. Qd4 Qxd4 1/2-1/2

[Event "Guernsey op 27th"]
[Site "Guernsey"]
[Date "2001.10.27"]
[Round "7"]
[White "Rowe, Peter"]
[Black "Westerkamp, Bert"]
[Result "1/2-1/2"]
[WhiteElo "2083"]
[BlackElo "2139"]
[PlyCount "39"]
[EventDate "2001.10.21"]
[EventType "swiss"]
[EventRounds "7"]
[EventCountry "GCI"]
[SourceTitle "EXT 2002"]
[Source "ChessBase"]
[SourceDate "2001.11.25"]
[SourceVersion "1"]
[SourceVersionDate "2001.11.25"]
[SourceQuality "1"]

1. d4 Nf6 2. Bg5 e6 3. Nf3 d5 4. e3 c6 5. c3 Be7 6. Bd3 Nbd7 7. Nbd2 h6 8. Bh4 Qc7 9. Bg3 Bd6 10. Bxd6 Qxd6 11. 0-0 0-0 12. Re1 e5 13. e4 dxe4 14. Bxe4 exd4 15. Nc4 Qc5 16. Qxd4 Qxd4 17. Nxd4 Nc5 18. Bf5 Bxf5 19. Nxf5 Nd5 20. Ne7+ 1/2-1/2

[Event "Guernsey op 27th"]
[Site "Guernsey"]
[Date "2001.10.24"]
[Round "4"]
[White "Thurlow, Kevin J"]
[Black "Westerkamp, Bert"]
[Result "1/2-1/2"]
[WhiteElo "2193"]
[BlackElo "2139"]
[PlyCount "81"]
[EventDate "2001.10.21"]
[EventType "swiss"]
[EventRounds "7"]
[EventCountry "GCI"]
[SourceTitle "EXT 2002"]
[Source "ChessBase"]
[SourceDate "2001.11.25"]
[SourceVersion "1"]
[SourceVersionDate "2001.11.25"]
[SourceQuality "1"]

1. Nf3 Nf6 2. b3 d6 3. Bb2 e5 4. e3 Be7 5. c4 c6 6. Nc3 0-0 7. Qc2 Na6 8. a3 Nc7 9. d4 exd4 10. Nxd4 d5 11. cxd5 Ncxd5 12. Rd1 Bg4 13. Be2 Nxc3 14. Qxc3 Bxe2 15. Nxe2 Qc7 16. 0-0 Rfd8 17. Rd4 Rxd4 18. Nxd4 Nd5 19. Qc2 Bf6 20. e4 Nf4 21. g3 Ng6 22. f4 Qb6 23. e5 Be7 24. Kg2 Rd8 25. Nf3 Qc5 26. Qb1 Qd5 27. f5 Nf8 28. f6 gxf6 29. exf6 Bc5 30. Qc1 Re8 31. Qc2 Bb6 32. Rd1 Qh5 33. Qc4 Re3 34. g4 Qg6 35. Re1 Rxe1 36. Nxe1 Nd7 37. Qf4 Qb1 38. Qg5+ Qg6 39. Qf4 Qb1 40. Qg5+ Qg6 41. Qf4 1/2-1/2